| 000 | 00461nam a2200169Ia 4500 | ||
|---|---|---|---|
| 008 | 090201s9999 xx 000 0 und d | ||
| 010 | _aKPL-26622 | ||
| 040 | _bमराठी | ||
| 041 | _aमराठी | ||
| 082 |
_a22565 _b26622 |
||
| 100 | _aपु भा भावे | ||
| 245 |
_aआग _cपु भा भावे |
||
| 260 |
_c2004 _bमेनका प्रकाशन |
||
| 300 |
_a149 _bलहान |
||
| 600 | _aआग | ||
| 942 | _cBOOK | ||
| 999 |
_c222086 _d222086 |
||